00530nam a2200241Ia 450000500170000000800460001702000140006303700070007704000080008404000080009204000080010004100080010804100080011608400150012408400080013910000170014724500490016424500170021326000140023026000260024426000090027030000090027920260401122237.0008 250103s9999 xx 000 0 eng d a300097182 aTB aEDL beng cEDL 2eng aeng a940.28 BUR qEDL aBurrow, J.W. 0aCrisis of Reason European Thought, 1848-1914 0cBurrow, J.W. aNew Haven bYale University Press c2000 a271p